'E' TV Shows by Cast Photo Quiz Stats

 Plays Quiz Updated Apr 19, 2018

Challenge
Share
Tweet
Score 0/15 Timer 08:00
6 Plays Today
% Correct
ER
97.4%
Everybody Loves Raymond
93.5%
Ellen
93.1%
Everybody Hates Chris
83%
Empire
74.8%
Entourage
72.3%
Elementary
70.8%
Eight is Enough
47.9%
% Correct
Even Stevens
43.1%
EastEnders
19.9%
Eureka
13.9%
Eli Stone
9%
Endeavour
8%
Emily Owens, M.D.
6.8%
The Event
5.6%

You're not logged in!

Compare scores with friends on all Sporcle quizzes.
OR
Log In

You Might Also Like...

Show Comments

Extras

Top Quizzes Today


Score Distribution

Your Account Isn't Verified!

In order to create a playlist on Sporcle, you need to verify the email address you used during registration. Go to your Sporcle Settings to finish the process.

Report this User

Report this user for behavior that violates our Community Guidelines.

Details: